00752nam a22001817a 4500003000900000008004100009040007100050082002500121100002300146245002600169260005200195300002800247440005400275505017900329650002000508650001700528700002500545AR-CdUCM190503b ||||| |||| 00| 0 spa d aMUNICIPALIDAD PROVINCIAL DEL CUSCOcBIBLIOTECA MUNICIPAL DEL CUSCO 22ed.a301.155 /bH17 aHalbwachs, Maurice aLas clases sociales / aMéxico :bFondo de Cultura Económica,c1954 a214 páginas ;c17 cm. aBreviarios del fondo de cultura económica ;n32 aContenido: La civilización tradicional y las clases campesinas -- Los medios urbanos y la civilización industrial -- Los medios urbanos y la civilización industrial ... aClases sociales aSociología aAub, Max (traductor)